La Estrategia agroindustrial de exportaciones /

Sparad:
Bibliografiska uppgifter
Huvudupphovsman: Martí, Miguel
Materialtyp: Text
Ämnen:
Taggar: Lägg till en tagg
Inga taggar, Lägg till första taggen!

MARC

LEADER 00000 a a2200000 04500
001 1587
003
040
100 |a Martí, Miguel  
245 |a La Estrategia agroindustrial de exportaciones /  |c Miguel Martí 
650 |a EXPORTACIONES  
773 |g número 21; páginas 16-18  
999 |c 21254  |d 21254